00358nam a22001337a 4500003000400000020001800004082001600022100002100038245004300059260008300102300000800185650001300193700001800206SGT a9789392787140 a615.1bD22P aPrasad, Neelkant aDrug Store and Distribution Management aNew Delhi, IndiabSelective & Scientific Books Publishers & Distributersc2022 a100 aPharmacy aArora, Tripti